|
|
|
|
| LEADER |
00000nam a2200000Ia 4500 |
| 008 |
141002s1997 cr 000 | und d |
| 999 |
|
|
|c 1768
|d 1768
|
| 090 |
|
|
|a 06.03.06
|b 167
|
| 110 |
2 |
|
|a Consejo Nacional de Rectores. Oficina de Planificación de la Educación Superior
|9 44
|
| 245 |
1 |
0 |
|a Comparación de las características sociodemográficas de los estudiantes de las universidades estatales de 1990 y 1996 /
|c Consejo Nacional de Rectores. Oficina de Planificación de la Educación Superior
|
| 260 |
|
|
|a San José, Costa Rica :
|b OPES,
|c 1997
|
| 300 |
|
|
|a 91 páginas
|
| 650 |
1 |
4 |
|a EDUCACIÓN SUPERIOR
|9 8
|
| 650 |
1 |
4 |
|a ESTUDIANTES
|9 332
|
| 650 |
1 |
4 |
|a UNIVERSIDADES
|9 16
|
| 650 |
1 |
4 |
|a EDUCACIÓN
|9 1
|
| 650 |
1 |
4 |
|a INSTITUCIONES DE ENSEÑANZA SUPERIOR
|9 788
|
| 942 |
|
|
|i 00174
|h 06.03.06 167
|2 z
|c 01
|